[Event "9ème Open International de Rouen"]
[Site "Hôtel de Région - 76000 Rouen"]
[Date "2016.12.19"]
[Round "5.8"]
[White "Blondel, Jerome"]
[Black "Mergen, Bat"]
[Result "1-0"]
[WhiteElo "1963"]
[BlackElo "1802"]
[PlyCount "69"]
[EventDate "2016.??.??"]

1. c4 c6 2. Nc3 d5 3. d4 e6 4. e4 dxe4 5. Nxe4 Nf6 6. Nxf6+ Qxf6 7. Nf3 Bb4+
8. Bd2 Bxd2+ 9. Qxd2 O-O 10. Qg5 Nd7 11. Bd3 Qxg5 12. Nxg5 Nf6 13. Ne4 Nxe4
14. Bxe4 Bd7 15. O-O Rad8 16. Rfd1 Bc8 17. Rd2 Rd6 18. Rad1 Rfd8 19. Kf1 e5
20. d5 f5 21. c5 Rf6 22. Bc2 cxd5 23. Rxd5 Rxd5 24. Rxd5 Be6 25. Rxe5 Bc4+
26. Ke1 Re6 27. Rxe6 Bxe6 28. b4 Bxa2 29. Bxf5 Bd5 30. f3 a6 31. Kd2 g6 32. Be4
Bc6 33. Bxc6 bxc6 34. Kc3 Kf7 35. Kb3 1-0

[Event "9ème Open International de Rouen"]
[Site "Hôtel de Région - 76000 Rouen"]
[Date "2016.12.19"]
[Round "5.9"]
[White "Schmitt, Matthieu"]
[Black "Bertrand, Julien"]
[Result "1-0"]
[WhiteElo "1928"]
[BlackElo "1799"]
[PlyCount "127"]
[EventDate "2016.??.??"]

1. b4 d5 2. Nf3 Nf6 3. Bb2 Nbd7 4. e3 c6 5. c4 e6 6. a3 Be7 7. Nc3 O-O 8. Be2
dxc4 9. Bxc4 Nb6 10. Be2 Nbd5 11. O-O a5 12. b5 Bd7 13. bxc6 Bxc6 14. Nd4 Nxc3
15. Bxc3 Bd5 16. d3 b6 17. Qb1 Rb8 18. Qb2 Bb7 19. Rfb1 Nd5 20. Nb5 Nxc3
21. Qxc3 Bf6 22. d4 Re8 23. f4 Be4 24. Rc1 Qd7 25. Qc7 Red8 26. Qxd7 Rxd7
27. Rc3 g5 28. fxg5 Bxg5 29. Rac1 Kg7 30. Kf2 Bh4+ 31. g3 Be7 32. Bf3 Bxf3
33. Kxf3 Rbb7 34. a4 h5 35. R1c2 Bb4 36. Rc8 h4 37. gxh4 Rd5 38. e4 Rh5 39. Kg4
Rh7 40. e5 Be7 41. h5 Kh6 42. Rg8 Rd7 43. Rc6 Rg7+ 44. Rxg7 Kxg7 45. Rxb6 Bd8
46. Rc6 Kh6 47. Nd6 Kh7 48. Nb5 Kh6 49. Rd6 Rxd6 50. Nxd6 f5+ 51. Nxf5+ exf5+
52. Kxf5 Kxh5 53. d5 Kh6 54. d6 Kg7 55. e6 Bb6 56. Ke5 Kf8 57. Kd5 Ke8 58. h4
Be3 59. Kc6 Bf4 60. Kc7 Bg3 61. h5 Bh4 62. h6 Bd8+ 63. Kc8 Bb6 64. h7 1-0

[Event "9ème Open International de Rouen"]
[Site "Hôtel de Région - 76000 Rouen"]
[Date "2016.12.19"]
[Round "5.10"]
[White "Bordais, Dominique"]
[Black "Pineau, Jean-Jacques"]
[Result "0-1"]
[WhiteElo "1876"]
[BlackElo "1779"]
[PlyCount "66"]
[EventDate "2016.??.??"]

1. e4 e5 2. Nf3 Nc6 3. Bc4 Nf6 4. d4 exd4 5. e5 d5 6. Bb5 Ne4 7. Nxd4 Bd7
8. Bxc6 bxc6 9. O-O Qh4 10. f3 Ng5 11. Nb3 Ne6 12. Be3 h5 13. Qd2 g5 14. g3 Qh3
15. Nc3 g4 16. Qg2 Qxg2+ 17. Kxg2 a5 18. a4 Rb8 19. f4 d4 20. Nxd4 Nxd4
21. Bxd4 c5 22. Be3 Rxb2 23. Rf2 Bc6+ 24. Kf1 h4 25. Ke2 hxg3 26. hxg3 c4
27. Kd2 Bb4 28. f5 Ke7 29. Rf4 Bf3 30. Rxc4 Rh2+ 31. Kd3 c6 32. Bc1 Rbxc2
33. Nd5+ cxd5 0-1

[Event "9ème Open International de Rouen"]
[Site "Hôtel de Région - 76000 Rouen"]
[Date "2016.12.19"]
[Round "5.11"]
[White "Leleu, Andre"]
[Black "Piassale, Nils"]
[Result "0-1"]
[WhiteElo "1848"]
[BlackElo "1722"]
[PlyCount "106"]
[EventDate "2016.??.??"]

1. c4 e5 2. Nc3 Nc6 3. g3 f5 4. d3 Nf6 5. Bg2 Bb4 6. Bd2 O-O 7. Qc2 d6 8. e3
Rb8 9. Nge2 a6 10. a3 Bxc3 11. Nxc3 Bd7 12. b4 Ne7 13. O-O b5 14. cxb5 axb5
15. Rfc1 c6 16. e4 f4 17. gxf4 exf4 18. Bxf4 Nxe4 19. Nxe4 Rxf4 20. Nxd6 Ng6
21. Qa2+ Kf8 22. Re1 Qg5 23. Re3 Nh4 24. Rg3 Qe5 25. Ne4 Be6 26. Qb1 Nxg2
27. Kxg2 Bd5 28. f3 Qd4 29. Qc1 Rf5 30. Qc5+ Qxc5 31. Nxc5 Re8 32. Ne4 Ra8
33. Re1 Re5 34. Ra1 Re7 35. Kf2 Rea7 36. Ke3 Rxa3 37. Rag1 g6 38. Nf6 Bc4
39. Nxh7+ Kg7 40. Rxg6+ Kxh7 41. R6g4 Rxd3+ 42. Kf4 Rf8+ 43. Ke5 Re8+ 44. Kf4
Rd4+ 45. Kg3 Rxg4+ 46. fxg4 Re4 47. Rb1 Kg6 48. h4 Be6 49. Rc1 Rxg4+ 50. Kf3
Rc4 51. Rg1+ Kf7 52. h5 Rxb4 53. h6 Rh4 0-1

[Event "9ème Open International de Rouen"]
[Site "Hôtel de Région - 76000 Rouen"]
[Date "2016.12.19"]
[Round "5.12"]
[White "Naji, Nil"]
[Black "Bordais, Benjamin"]
[Result "1/2-1/2"]
[WhiteElo "1825"]
[BlackElo "2119"]
[PlyCount "91"]
[EventDate "2016.??.??"]

1. e4 c6 2. Nc3 d5 3. Nf3 Bg4 4. d4 e6 5. h3 Bxf3 6. gxf3 Nd7 7. Qd3 Nb6
8. Rg1 Ne7 9. h4 h5 10. Bg5 Qc7 11. Rg3 O-O-O 12. e5 Re8 13. Bh3 g6 14. a4 Nf5
15. a5 Nd7 16. Rg1 Be7 17. Ke2 Bxg5 18. hxg5 Ne7 19. f4 Kd8 20. b4 Nf5 21. Rgb1
Ke7 22. Kf3 Kf8 23. Kg2 Kg7 24. Ra3 Ne7 25. Rba1 Ra8 26. Na4 b6 27. a6 Rhc8
28. Rc3 Qd8 29. Qe3 Rc7 30. Rb1 Qc8 31. f5 gxf5 32. Rh1 Ng6 33. Bxf5 exf5
34. Rxh5 Qe8 35. Qf3 Qe6 36. Kf1 Rcc8 37. Rh6 Kf8 38. Nb2 c5 39. Nd3 cxd4
40. Rxc8+ Rxc8 41. Nf4 Qxe5 42. Rxg6 Rxc2 43. Re6 Rc1+ 44. Kg2 Qh8 45. Rh6 Qe5
46. Re6 1/2-1/2

[Event "9ème Open International de Rouen"]
[Site "Hôtel de Région - 76000 Rouen"]
[Date "2016.12.19"]
[Round "5.13"]
[White "Ayoub, Georges"]
[Black "Adyel, Samir"]
[Result "0-1"]
[WhiteElo "1761"]
[BlackElo "2076"]
[PlyCount "46"]
[EventDate "2016.??.??"]

1. e4 c6 2. d4 d5 3. Nc3 dxe4 4. Nxe4 Nf6 5. Nxf6+ gxf6 6. Bf4 Qb6 7. b3 e5
8. dxe5 fxe5 9. Be3 Bb4+ 10. Bd2 Bc5 11. Qf3 Be6 12. Bg5 Nd7 13. Ne2 Rg8
14. Bh4 Qb4+ 15. c3 Qxh4 16. Ng3 O-O-O 17. h3 Bd5 18. Qd3 e4 19. Qc2 e3 20. Nf5
Qxf2+ 21. Qxf2 exf2+ 22. Kd2 Nf6 23. Kc1 Ba3+ 0-1

[Event "9ème Open International de Rouen"]
[Site "Hôtel de Région - 76000 Rouen"]
[Date "2016.12.19"]
[Round "5.14"]
[White "Daniel, Antoine"]
[Black "Guillaumat, Jean-Pierre"]
[Result "1-0"]
[WhiteElo "1983"]
[BlackElo "1794"]
[PlyCount "73"]
[EventDate "2016.??.??"]

1. Nf3 Nf6 2. d4 d5 3. c4 c6 4. Nc3 g6 5. Bf4 Nbd7 6. e3 Bg7 7. Be2 O-O 8. O-O
e6 9. Rc1 dxc4 10. Bxc4 Nb6 11. Bd3 Nbd5 12. Bg3 Nxc3 13. bxc3 Nh5 14. Qc2 Nxg3
15. hxg3 Qa5 16. Nd2 e5 17. f4 exd4 18. exd4 Bf5 19. Bxf5 Qxf5 20. Qxf5 gxf5
21. Nf3 Bf6 22. Ne5 Rfd8 23. Rb1 Rab8 24. Rfd1 Be7 25. Nc4 Kg7 26. Na5 Rdc8
27. Nxb7 Rc7 28. Na5 Rxb1 29. Rxb1 c5 30. d5 c4 31. Rb7 Bc5+ 32. Kf1 Rc8
33. Nxc4 Rd8 34. Ne5 Rxd5 35. Rxf7+ Kg8 36. Rxf5 h6 37. Ng4 1-0

[Event "9ème Open International de Rouen"]
[Site "Hôtel de Région - 76000 Rouen"]
[Date "2016.12.19"]
[Round "5.15"]
[White "Martine, Valentin"]
[Black "Javor, Besim"]
[Result "1-0"]
[WhiteElo "1619"]
[BlackElo "1873"]
[PlyCount "97"]
[EventDate "2016.??.??"]

1. c4 e6 2. Nc3 d6 3. g3 Nf6 4. Bg2 Be7 5. Nf3 c6 6. d4 d5 7. cxd5 exd5 8. Qb3
O-O 9. O-O Nbd7 10. Re1 Nb6 11. Bf4 Bf5 12. a4 Qc8 13. a5 Nc4 14. Nd2 Nxd2
15. Bxd2 a6 16. Na4 Nd7 17. Rac1 Be4 18. Bh3 Qc7 19. f3 Bg6 20. Bxd7 Qxd7
21. Nb6 Qd8 22. Nxa8 Qxa8 23. Bf4 Bf5 24. e4 Be6 25. Qa4 Bd8 26. Bd6 g6
27. Bxf8 Kxf8 28. Qb4+ Be7 29. Qd2 Qd8 30. exd5 Qxd5 31. f4 Bf6 32. Qb4+ Kg7
33. Rcd1 Bh3 34. Rd2 h5 35. Re8 Qf3 36. Qf8+ Kh7 37. Qxf7+ Bg7 38. Re1 Kh6
39. Qc4 h4 40. Qd3 Qh5 41. b4 Bf5 42. Qe2 Bg4 43. Qe7 h3 44. Qg5+ Qxg5
45. fxg5+ Kxg5 46. Re7 Bf8 47. Rxb7 Bxb4 48. Rxb4 Bf3 49. Rb6 1-0

[Event "9ème Open International de Rouen"]
[Site "Hôtel de Région - 76000 Rouen"]
[Date "2016.12.19"]
[Round "5.16"]
[White "Delaruelle, Christian"]
[Black "Yuan, Beline"]
[Result "0-1"]
[WhiteElo "1840"]
[BlackElo "1800"]
[PlyCount "48"]
[EventDate "2016.??.??"]

1. e4 e6 2. Nf3 d5 3. e5 c5 4. b4 cxb4 5. a3 Nc6 6. axb4 Bxb4 7. c3 Be7 8. d4
Bd7 9. Bd3 Rc8 10. O-O a6 11. Ba3 Bxa3 12. Nxa3 Nge7 13. Nc2 Na5 14. Qd2 Nb3
15. Qg5 Nxa1 16. Qxg7 Rg8 17. Qxh7 Nxc2 18. Bxc2 Rxc3 19. Nh4 Qc8 20. Bg6 fxg6
21. Nf3 Rc1 22. g3 Bb5 23. Ng5 Rxf1+ 24. Kg2 Rf8 0-1

[Event "9ème Open International de Rouen"]
[Site "Hôtel de Région - 76000 Rouen"]
[Date "2016.12.19"]
[Round "5.17"]
[White "Ruch, Bernard"]
[Black "Chavane, Thibaut"]
[Result "1/2-1/2"]
[WhiteElo "1934"]
[BlackElo "1792"]
[PlyCount "108"]
[EventDate "2016.??.??"]

1. d4 Nf6 2. Nf3 c5 3. e3 e6 4. c3 d5 5. Bd3 Nc6 6. O-O Bd6 7. Nbd2 e5 8. dxe5
Nxe5 9. Nxe5 Bxe5 10. f4 Bc7 11. e4 c4 12. Be2 dxe4 13. Qa4+ Bd7 14. Qxc4 Rc8
15. Qb4 Bc6 16. Nc4 Nd5 17. Qa3 Qe7 18. Qxe7+ Kxe7 19. Bg4 Rcd8 20. Kh1 Bb5
21. Be2 Nb6 22. b3 Nxc4 23. bxc4 Ba6 24. Re1 f5 25. Be3 b6 26. g3 Kf7 27. Kg2
Bd6 28. Red1 Ba3 29. Rab1 Rxd1 30. Rxd1 Ke7 31. Rd5 g6 32. g4 fxg4 33. Bxg4
Bxc4 34. Rd7+ Ke8 35. Rxa7 Be7 36. Bxb6 Bd5 37. Kf2 Rf8 38. Ke3 Rf6 39. Bd4 Rf7
40. Bd7+ Kf8 41. Bb5 g5 42. fxg5 Bxg5+ 43. Ke2 Rxa7 44. Bxa7 Bxa2 45. Be3 Bf6
46. c4 Be5 47. c5 Bxh2 48. Bd7 Bd5 49. c6 Bxc6 50. Bxc6 Be5 51. Bxe4 Kg7
52. Kf3 Bf6 53. Kg4 Ba1 54. Kh5 Kh8 1/2-1/2

[Event "9ème Open International de Rouen"]
[Site "Hôtel de Région - 76000 Rouen"]
[Date "2016.12.19"]
[Round "5.18"]
[White "Hameau, Cyril"]
[Black "Dubois, Benjamin"]
[Result "1-0"]
[WhiteElo "1879"]
[BlackElo "1666"]
[PlyCount "47"]
[EventDate "2016.??.??"]

1. e4 d6 2. Nf3 e5 3. Bc4 Be7 4. d3 Nd7 5. Be3 Ngf6 6. h3 O-O 7. Nc3 c6 8. g4
b5 9. Bb3 Nb6 10. g5 Ne8 11. Rg1 g6 12. h4 Nc7 13. h5 Be6 14. d4 Bxb3 15. axb3
f6 16. hxg6 hxg6 17. Nh4 exd4 18. Bxd4 fxg5 19. Nxg6 Rf7 20. Nxe7+ Qxe7 21. Qh5
Rh7 22. Rxg5+ Kf8 23. Rf5+ Kg8 24. Qg4+ 1-0

[Event "9ème Open International de Rouen"]
[Site "Hôtel de Région - 76000 Rouen"]
[Date "2016.12.19"]
[Round "5.19"]
[White "Fontaine, Olivier"]
[Black "Bat, Bilguun"]
[Result "0-1"]
[WhiteElo "1826"]
[BlackElo "1563"]
[PlyCount "62"]
[EventDate "2016.??.??"]

1. d4 Nf6 2. c4 c5 3. d5 e6 4. Nc3 exd5 5. Nxd5 Nxd5 6. Qxd5 Nc6 7. Bd2 d6
8. e3 Be6 9. Qd3 Be7 10. Nf3 Ne5 11. Nxe5 dxe5 12. Qe4 Qc7 13. Bc3 f6 14. Be2
Rd8 15. O-O Kf7 16. f4 exf4 17. Rxf4 Bd6 18. Rh4 Be5 19. Rxh7 Bxh2+ 20. Kf1
Rxh7 21. Qxh7 Qg3 22. Qh5+ Kg8 23. Qf3 Qg5 24. Kf2 Qh4+ 25. g3 Qh3 26. Bf1 Qh6
27. Rd1 Rxd1 28. Qxd1 Qg5 29. Qf3 Qg6 30. e4 Qh6 31. Qf4 Qxf4+ 0-1

[Event "9ème Open International de Rouen"]
[Site "Hôtel de Région - 76000 Rouen"]
[Date "2016.12.19"]
[Round "5.20"]
[White "Vigneron, Frederic"]
[Black "Bureau-Leroyer, Lola"]
[Result "0-1"]
[WhiteElo "1800"]
[BlackElo "1595"]
[PlyCount "64"]
[EventDate "2016.??.??"]

1. d4 Nf6 2. c4 e6 3. Nf3 Bb4+ 4. Bd2 Bxd2+ 5. Qxd2 O-O 6. Nc3 d6 7. e3 Nbd7
8. Be2 e5 9. dxe5 Nxe5 10. Nxe5 dxe5 11. Qxd8 Rxd8 12. O-O Bf5 13. Rfd1 Bc2
14. Rxd8+ Rxd8 15. Rc1 Rd2 16. Kf1 Bf5 17. Rd1 Rxd1+ 18. Bxd1 c6 19. Ke2 Nd7
20. b4 c5 21. Nd5 Kf8 22. Ba4 cxb4 23. Bxd7 Bxd7 24. Nxb4 Bf5 25. Kd2 Ke7
26. c5 Kd7 27. Kc3 Be6 28. e4 f6 29. Nd5 Kc6 30. Kc4 f5 31. f3 g5 32. g3 g4 0-1

[Event "9ème Open International de Rouen"]
[Site "Hôtel de Région - 76000 Rouen"]
[Date "2016.12.19"]
[Round "5.21"]
[White "Dunand, Damien"]
[Black "Lelievre, Clement"]
[Result "0-1"]
[WhiteElo "1650"]
[BlackElo "1786"]
[PlyCount "38"]
[EventDate "2016.??.??"]

1. c4 Nf6 2. g3 g6 3. Bg2 Bg7 4. e3 c5 5. Ne2 Nc6 6. Nbc3 O-O 7. O-O d6 8. d4
Bg4 9. h3 Bd7 10. dxc5 dxc5 11. b3 Qc8 12. Kh2 Rd8 13. Qe1 Nb4 14. Rb1 Bf5
15. Bd2 Bxb1 16. Nxb1 Nxa2 17. Na3 Nb4 18. Nf4 Nd3 19. Nd5 Nxe1 0-1

[Event "9ème Open International de Rouen"]
[Site "Hôtel de Région - 76000 Rouen"]
[Date "2016.12.19"]
[Round "5.22"]
[White "Blasco, David"]
[Black "Herault, Theotime"]
[Result "0-1"]
[WhiteElo "1596"]
[BlackElo "1772"]
[PlyCount "48"]
[EventDate "2016.??.??"]

1. e4 Nf6 2. e5 Nd5 3. d4 d6 4. Nf3 Bg4 5. Bc4 dxe5 6. dxe5 c6 7. O-O e6
8. Re1 Nd7 9. a3 a5 10. Be2 Bc5 11. c4 Ne7 12. Nbd2 Ng6 13. Ne4 O-O 14. Nxc5
Nxc5 15. Ng5 Bxe2 16. Qxe2 Nb3 17. Qh5 h6 18. Ne4 Nxa1 19. Bxh6 Qh4 20. Qd1
Qxh6 21. Qxa1 Nxe5 22. Re3 Ng4 23. Rh3 Qf4 24. Qb1 f5 0-1

[Event "9ème Open International de Rouen"]
[Site "Hôtel de Région - 76000 Rouen"]
[Date "2016.12.19"]
[Round "5.23"]
[White "Madon, Francis"]
[Black "Cleaud, Cyril"]
[Result "0-1"]
[WhiteElo "1495"]
[BlackElo "1761"]
[PlyCount "86"]
[EventDate "2016.??.??"]

1. e4 e5 2. Nf3 Nc6 3. Bb5 a6 4. Ba4 Nf6 5. d3 b5 6. Bb3 Be7 7. c3 d5 8. exd5
Nxd5 9. O-O O-O 10. Re1 Bf6 11. h3 Bf5 12. Bc2 Qd6 13. Nbd2 Be7 14. Nf1 Rad8
15. Ng3 Bg6 16. a4 b4 17. c4 Nf6 18. Be3 Bxd3 19. Bxd3 Qxd3 20. Qxd3 Rxd3
21. Rad1 Rfd8 22. Rxd3 Rxd3 23. Nf5 Bf8 24. Re2 g6 25. Nh6+ Kg7 26. Bg5 Nd7
27. Ng4 f6 28. Bh6+ Kf7 29. Bd2 Nc5 30. Ne1 Rb3 31. Bc1 Nxa4 32. Ne3 Nd4
33. Rd2 Bh6 34. Rd3 Rxd3 35. Nxd3 Ne2+ 36. Kh2 Nxc1 37. Nxc1 Nxb2 38. Nb3 Bxe3
39. fxe3 Nxc4 40. e4 a5 41. Kg3 Ke7 42. Kf3 Kd6 43. Ke2 a4 0-1

[Event "9ème Open International de Rouen"]
[Site "Hôtel de Région - 76000 Rouen"]
[Date "2016.12.19"]
[Round "5.24"]
[White "Cardon, Guillaume"]
[Black "Cassiau, Kevin"]
[Result "1-0"]
[WhiteElo "1735"]
[BlackElo "1509"]
[PlyCount "66"]
[EventDate "2016.??.??"]

1. d4 Nf6 2. c4 e5 3. dxe5 Ng4 4. Nf3 Bc5 5. e3 Nc6 6. Be2 O-O 7. a3 a5 8. b3
f6 9. Qd5+ Kh8 10. Qxc5 fxe5 11. e4 d6 12. Qd5 Qe8 13. Qd3 Qg6 14. h3 Nf6
15. Nh4 Qf7 16. Be3 Rg8 17. g4 b6 18. Nc3 Bb7 19. Nd5 Raf8 20. Nxf6 gxf6
21. Nf5 Bc8 22. Nh6 Qg6 23. Nxg8 Rxg8 24. O-O-O Ba6 25. h4 Rb8 26. h5 Qf7
27. Qd5 Qd7 28. g5 Nd4 29. Bxd4 c6 30. Bg4 Qxg4 31. Qxd6 exd4 32. Qxb8+ Bc8
33. Qg3 Qe6 1-0

[Event "9ème Open International de Rouen"]
[Site "Hôtel de Région - 76000 Rouen"]
[Date "2016.12.19"]
[Round "5.25"]
[White "Bailly, Thierry"]
[Black "Grignoux, Yannick"]
[Result "1-0"]
[WhiteElo "1716"]
[BlackElo "1481"]
[PlyCount "117"]
[EventDate "2016.??.??"]

1. Nf3 Nc6 2. d4 d5 3. e3 a6 4. c4 Bg4 5. Nc3 e6 6. h3 Bh5 7. cxd5 exd5 8. Qb3
Bb4 9. Bd2 Bxc3 10. bxc3 b6 11. c4 Nf6 12. Rc1 Ne7 13. cxd5 Nexd5 14. Bxa6 O-O
15. Bd3 Re8 16. Ne5 Qe7 17. a4 c5 18. Bb5 Rec8 19. Bc6 cxd4 20. Bxa8 Rxa8
21. exd4 h6 22. O-O Qb7 23. f3 Qb8 24. Rc2 Ne7 25. Rfc1 Qd6 26. Be3 Nfd5
27. Bf2 Nf4 28. Kh1 Qf6 29. Bg3 Ne6 30. Qxb6 Qg5 31. Bh2 Rxa4 32. d5 Nxd5
33. Qb5 Rd4 34. g4 Bg6 35. Nxg6 Qxg6 36. Rc8+ Kh7 37. Qb1 Qxb1 38. Rxb1 Rd2
39. Rcc1 Kg6 40. Rd1 Rxd1+ 41. Rxd1 Nc3 42. Re1 Kg5 43. Kg2 Kg6 44. f4 Nd4
45. f5+ Kg5 46. Be5 Nde2 47. Kf3 f6 48. Bxc3 Nxc3 49. Re7 h5 50. Rxg7+ Kh6
51. Rg6+ Kh7 52. Rxf6 hxg4+ 53. hxg4 Nd5 54. Rd6 Nc3 55. g5 Kg7 56. Rd3 Nb5
57. Kf4 Kf7 58. Ke5 Ke7 59. g6 1-0

[Event "9ème Open International de Rouen"]
[Site "Hôtel de Région - 76000 Rouen"]
[Date "2016.12.19"]
[Round "5.26"]
[White "Zinoun, Said"]
[Black "Vouin, Denis"]
[Result "0-1"]
[WhiteElo "1458"]
[BlackElo "1709"]
[PlyCount "86"]
[EventDate "2016.??.??"]

1. Nf3 f5 2. d4 Nf6 3. Bf4 g6 4. Nc3 Bg7 5. Qd2 O-O 6. Bh6 e6 7. Bxg7 Kxg7
8. h4 b6 9. Ng5 h6 10. Nf3 Bb7 11. Nh2 Nc6 12. f3 Nh5 13. O-O-O Ng3 14. Ng4
fxg4 15. Rh2 Ne7 16. e4 Nxf1 17. Rxf1 d5 18. e5 g3 19. Rhh1 Nf5 20. Re1 c5
21. Ne2 Qe7 22. Rh3 Rac8 23. Nxg3 Nxh4 24. Reh1 g5 25. Nh5+ Kg8 26. Nf6+ Rxf6
27. exf6 Qxf6 28. Qf2 Nf5 29. g3 cxd4 30. f4 d3 31. c3 d4 32. fxg5 Qxg5+
33. Qf4 Bxh1 34. Qxg5+ hxg5 35. Rxh1 dxc3 36. bxc3 Rxc3+ 37. Kd2 Ra3 38. g4
Rxa2+ 39. Kxd3 Ra3+ 40. Kc2 Nd4+ 41. Kb2 Rb3+ 42. Ka2 Rg3 43. Rd1 Rxg4 0-1

[Event "9ème Open International de Rouen"]
[Site "Hôtel de Région - 76000 Rouen"]
[Date "2016.12.19"]
[Round "5.27"]
[White "Pheng, Wissam"]
[Black "Mignot, Philippe"]
[Result "1-0"]
[WhiteElo "1708"]
[BlackElo "1321"]
[PlyCount "91"]
[EventDate "2016.??.??"]

1. d4 Nf6 2. Nf3 d5 3. e3 Nc6 4. Bd3 Bg4 5. b3 e5 6. dxe5 Nxe5 7. Be2 Bd6
8. Bb2 Qe7 9. Nc3 Rd8 10. h3 Nxf3+ 11. Bxf3 Bxf3 12. Qxf3 c6 13. O-O Qe5 14. g3
Qe6 15. Qg2 Be5 16. Rab1 O-O 17. Rfe1 Rd6 18. Na4 Bxb2 19. Nxb2 Qd7 20. f3 Nh5
21. g4 Rg6 22. Nd3 Re8 23. Qh2 Nf6 24. Ne5 Qd6 25. Nxg6 Qxh2+ 26. Kxh2 hxg6
27. Kg2 g5 28. Kf2 Nd7 29. Rbd1 Nc5 30. Rd4 g6 31. e4 dxe4 32. fxe4 Re5 33. Re2
Kg7 34. Kf3 a6 35. Rd8 Ne6 36. Rd7 Nc5 37. Rdd2 Ne6 38. c3 Nf4 39. Rh2 Kh6
40. Rd7 f5 41. gxf5 gxf5 42. exf5 Rxf5 43. Kg4 Rf6 44. h4 Nd5 45. hxg5+ Kg6
46. Rh6# 1-0

[Event "9ème Open International de Rouen"]
[Site "Hôtel de Région - 76000 Rouen"]
[Date "2016.12.19"]
[Round "5.28"]
[White "Benassis, Nicola-Henri"]
[Black "Fourcart, Marc"]
[Result "1/2-1/2"]
[WhiteElo "1448"]
[BlackElo "1706"]
[PlyCount "101"]
[EventDate "2016.??.??"]

1. e4 c5 2. Nf3 d6 3. c3 d5 4. exd5 Qxd5 5. d4 Bg4 6. Be2 Nc6 7. Be3 e6 8. O-O
c4 9. Nbd2 b5 10. Ng5 Bxe2 11. Qxe2 h6 12. Nge4 Nf6 13. Qf3 O-O-O 14. Ng3 Qxf3
15. Nxf3 g5 16. b3 Nd5 17. Ne2 Bd6 18. bxc4 bxc4 19. Rfb1 Kc7 20. Nd2 Nb6
21. a4 Rb8 22. a5 Nd5 23. Nxc4 f5 24. Bc1 Rhe8 25. h3 e5 26. dxe5 Bxe5 27. Bd2
Bf6 28. Kf1 Re4 29. Rxb8 Nxb8 30. Na3 a6 31. c4 Bxa1 32. cxd5 Re5 33. Nf4 Re4
34. Nd3 Nd7 35. Nc2 Bf6 36. f3 Ra4 37. Ne3 f4 38. Nf5 Ne5 39. Nc5 Ra2 40. Nxa6+
Kd8 41. Bc3 Rc2 42. Bb4 Nd3 43. Nxh6 Rf2+ 44. Kg1 Bd4 45. Kh2 Rf1 46. Nf7+ Ke8
47. Nd6+ Kd7 48. Nb8+ Kd8 49. Nc6+ Kd7 50. Nb8+ Kc7 51. Na6+ 1/2-1/2

[Event "9ème Open International de Rouen"]
[Site "Hôtel de Région - 76000 Rouen"]
[Date "2016.12.19"]
[Round "5.29"]
[White "Delin, Valere"]
[Black "Serano, Vincent"]
[Result "1-0"]
[WhiteElo "1346"]
[BlackElo "1705"]
[PlyCount "67"]
[EventDate "2016.??.??"]

1. e4 e5 2. Nf3 Nc6 3. Bb5 Qf6 4. c3 h6 5. d4 Bd6 6. Be3 Nge7 7. d5 Nd8 8. c4
b6 9. Nc3 a6 10. Ba4 O-O 11. g4 Bb4 12. g5 hxg5 13. Bxg5 Qg6 14. Bc2 Bxc3+
15. bxc3 f6 16. Be3 d6 17. Rg1 Bg4 18. Rg3 Qh5 19. Kd2 Rf7 20. Qh1 Bxf3
21. Qxf3 Qxf3 22. Rxf3 Ng6 23. Rg1 Nf4 24. Bxf4 exf4 25. Rxf4 Nb7 26. Rh4 Re8
27. f3 Re5 28. f4 Ree7 29. e5 f5 30. e6 Rf6 31. Rg5 g6 32. Bxf5 Rxf5 33. Rxg6+
Rg7 34. e7 1-0

[Event "9ème Open International de Rouen"]
[Site "Hôtel de Région - 76000 Rouen"]
[Date "2016.12.19"]
[Round "5.30"]
[White "Leduc, Jean-Philippe"]
[Black "Rocher, Elian"]
[Result "1-0"]
[WhiteElo "1850"]
[BlackElo "1450"]
[PlyCount "25"]
[EventDate "2016.??.??"]

1. e4 e5 2. d4 exd4 3. Bc4 Qf6 4. Nf3 Qd8 5. O-O Be7 6. Ne5 c5 7. Nxf7 Qc7
8. Nxh8 Nf6 9. Re1 d6 10. Bf4 Nc6 11. Nf7 b5 12. Bd5 Nxd5 13. exd5 1-0

[Event "9ème Open International de Rouen"]
[Site "Hôtel de Région - 76000 Rouen"]
[Date "2016.12.19"]
[Round "5.31"]
[White "Coquelin, Jonathan"]
[Black "Dorin, Herve"]
[Result "1-0"]
[WhiteElo "1439"]
[BlackElo "1620"]
[PlyCount "91"]
[EventDate "2016.??.??"]

1. d4 d5 2. c4 e6 3. Nc3 Nf6 4. cxd5 Nxd5 5. e4 Nxc3 6. bxc3 Be7 7. Nf3 b6
8. Bd3 Bb7 9. Bf4 O-O 10. O-O Nd7 11. Qc2 f5 12. Qb3 fxe4 13. Qxe6+ Kh8
14. Bxe4 Rf6 15. Qxf6 Bxf6 16. Bxb7 Rb8 17. Bc6 Nf8 18. Rfe1 Nd7 19. Re2 g5
20. Bg3 Kg7 21. Rae1 Qc8 22. Re8 Bd8 23. R1e7+ Bxe7 24. Rxc8 Rxc8 25. Bxd7 Rd8
26. Bc6 Bd6 27. Ne5 h5 28. h4 g4 29. Bf4 Rf8 30. g3 Rf5 31. Bd7 Rf8 32. Bg5 c5
33. a4 cxd4 34. cxd4 Bb4 35. d5 Bc3 36. Nc6 Be1 37. Be3 Ba5 38. Nxa5 bxa5
39. Bc6 Rb8 40. Bf4 Rb1+ 41. Kg2 Kf6 42. d6 Rb4 43. d7 Rd4 44. Bg5+ Ke6
45. d8=Q Rxd8 46. Bxd8 1-0

[Event "9ème Open International de Rouen"]
[Site "Hôtel de Région - 76000 Rouen"]
[Date "2016.12.19"]
[Round "5.32"]
[White "Thery, Arthus"]
[Black "Heckly, Jean-Louis"]
[Result "1/2-1/2"]
[WhiteElo "1254"]
[BlackElo "1606"]
[PlyCount "116"]
[EventDate "2016.??.??"]

1. e4 e5 2. Nf3 Nc6 3. Bc4 Bc5 4. c3 Nf6 5. d3 d6 6. h3 O-O 7. Bb3 h6 8. Nbd2
Be6 9. Nf1 Bb6 10. Ng3 Bxb3 11. axb3 d5 12. Qe2 dxe4 13. dxe4 Re8 14. b4 Qd6
15. O-O Rad8 16. Be3 Bxe3 17. Qxe3 a6 18. Nf5 Qf8 19. N3h4 Kh8 20. Rad1 Nh5
21. Kh2 g6 22. Ng3 Nf4 23. Ne2 Qe7 24. Nxf4 Qxh4 25. Nd5 Kg7 26. Nxc7 Rf8
27. Qf3 Ne7 28. g3 Qf6 29. Qxf6+ Kxf6 30. Kg2 Nc8 31. Nd5+ Kg7 32. Rd3 Nd6
33. f3 Rfe8 34. Rfd1 Nc4 35. Rb1 Re6 36. b3 Nb6 37. Rbd1 Red6 38. c4 Nc8
39. Kf2 Ne7 40. Ke2 Nc6 41. f4 f6 42. c5 R6d7 43. fxe5 Nxe5 44. R3d2 Rf7
45. Ne3 Rxd2+ 46. Rxd2 Nc6 47. Nc2 Re7 48. Kf3 Ne5+ 49. Kf4 Nc6 50. Rd6 Kf7
51. h4 g5+ 52. hxg5 hxg5+ 53. Kf5 Re5+ 54. Kg4 Rxe4+ 55. Kf5 Re5+ 56. Kg4 Ke7
57. Kf3 Re6 58. Rd5 Re5 1/2-1/2

[Event "9ème Open International de Rouen"]
[Site "Hôtel de Région - 76000 Rouen"]
[Date "2016.12.19"]
[Round "5.33"]
[White "Roussel, Maxime"]
[Black "Guignard, Jonathan"]
[Result "1-0"]
[WhiteElo "1587"]
[BlackElo "1249"]
[PlyCount "115"]
[EventDate "2016.??.??"]

1. d4 d5 2. Nf3 Nc6 3. e3 Bg4 4. c4 e5 5. h3 Bh5 6. Be2 Nf6 7. dxe5 Bxf3
8. Bxf3 Nxe5 9. Bxd5 c6 10. Bf3 Qxd1+ 11. Bxd1 Nd3+ 12. Kd2 Nxf2 13. Rf1 N2e4+
14. Kc2 Bc5 15. Nd2 O-O 16. Nxe4 Nxe4 17. Bf3 Rfe8 18. b4 Bxb4 19. Rb1 a5
20. a3 Bc5 21. Rxb7 Ng3 22. Re1 Rac8 23. Bd2 a4 24. Bc1 Nf5 25. Bg4 Re5 26. Bb2
Nxe3+ 27. Rxe3 Rxe3 28. Bxc8 Bxa3 29. Bxa3 Rxa3 30. Bd7 g6 31. Bxc6 Ra2+
32. Kb1 Re2 33. Ra7 Kg7 34. Rxa4 f5 35. Ra7+ Kh6 36. Bf3 Re5 37. Kc2 g5
38. Ra6+ Kg7 39. Kd3 f4 40. Kd4 Re1 41. c5 Rc1 42. c6 Kf7 43. Ra7+ Ke8 44. Rxh7
Kd8 45. c7+ Rxc7 46. Rxc7 Kxc7 47. Ke5 g4 48. hxg4 Kd7 49. Kf6 Ke8 50. g5 Kf8
51. g6 Kg8 52. Bd5+ Kf8 53. g7+ Ke8 54. g8=Q+ Kd7 55. Qe6+ Kc7 56. Qc6+ Kd8
57. Ke6 f3 58. Qd7# 1-0

[Event "9ème Open International de Rouen"]
[Site "Hôtel de Région - 76000 Rouen"]
[Date "2016.12.19"]
[Round "5.34"]
[White "Lebreton, Gabin"]
[Black "Julien, Franck"]
[Result "0-1"]
[WhiteElo "1237"]
[BlackElo "1569"]
[PlyCount "50"]
[EventDate "2016.??.??"]

1. e4 c5 2. Nf3 d6 3. d4 cxd4 4. Qxd4 Nc6 5. Bb5 Bd7 6. Bxc6 Bxc6 7. b3 Nf6
8. Nc3 e5 9. Qd3 Be7 10. Bb2 O-O 11. Nd5 Nxd5 12. exd5 Qa5+ 13. Bc3 Qxd5
14. O-O-O Qxd3 15. Rxd3 e4 16. Re3 Rae8 17. Nd4 Bg5 18. Nf5 Bxe3+ 19. Nxe3 f5
20. Rd1 Rd8 21. Bb4 Rf6 22. Bc3 Rf7 23. Bb4 d5 24. c4 d4 25. Nc2 d3 0-1